SAMS Teach yourself .NET XML Web Services (Record no. 34538)

MARC details
000 -LEADER
fixed length control field 00442nam a2200181Ia 4500
020 ## - INTERNATIONAL STANDARD BOOK NUMBER
ISBN 0-672-32330-30
050 ## - CALL MARK
Classification number TK 5105.88 .A83/
100 ## - STATEMENT OF RESPONSIBILITY--MAIN AUTHOR NAME
Personal name Mark Augustyniak
245 #0 - TITLE STATEMENT
Title SAMS Teach yourself .NET XML Web Services
260 ## - PUBLICATION, DISTRIBUTION, ETC. (IMPRINT)
Place of publication Indiana
260 ## - PUBLICATION, DISTRIBUTION, ETC. (IMPRINT)
Name of publisher Sams Publishing
260 ## - PUBLICATION, DISTRIBUTION, ETC. (IMPRINT)
Year of publication 2002
300 ## - PHYSICAL DESCRIPTION
Number of Pages 427 p
650 ## - SUBJECT ADDED ENTRY--TOPICAL TERM
Topical Term Website Design
942 ## - ADDED ENTRY ELEMENTS (KOHA)
Koha item type Books
Holdings
Withdrawn status Lost status Source of classification or shelving scheme Damaged status Not for loan Permanent Location Current Location Date acquired Accession Number Price effective from Koha item type
    Library of Congress Classification     NILE UNIVERSITY OF NIGERIA - MAIN LIBRARY NILE UNIVERSITY OF NIGERIA - MAIN LIBRARY 04/23/2025 0009948 04/23/2025 Books